| 000 | 00860cam5a220025300 4500 | ||
|---|---|---|---|
| 001 | lce00595404 | ||
| 008 | 740502c19671966no b 000 0 eng | ||
| 010 | _a 67001232 //r83 | ||
| 035 | _a(Sirsi) r71254 | ||
| 035 | _a(DLC) 67001232 //r83 | ||
| 035 | _a(UPRA)lce00595404 | ||
| 040 | _dUPRA | ||
| 050 | 0 |
_aB485 _b.S79 |
|
| 082 | _a185 | ||
| 100 | 1 |
_aStigen, Anfinn, 1923- _dStigen, Anfinn, 1923- _6A32429.1 |
|
| 245 | 1 | 4 |
_aThe structure of Aristotle's thought : _ban introduction to the study of Aristotle's writings. |
| 260 |
_a[Oslo] : _bUniversitetsforlaget, _c[1967, c1966] |
||
| 490 | 0 |
_aScandinavian university books _6S1671.1 |
|
| 500 | _aImprint covered by label: New York, Humanities Press. | ||
| 504 | _aBibliography: p. [443]. | ||
| 600 | 0 | 0 |
_aAristotle. _6S24134.1 |
| 949 |
_aB485 _wlcc _i-96404 _mMAIN _tBOOK _lON-SHELF |
||
| 004 | 71254 | ||
| 999 |
_c193200 _d193199 |
||